00333nam a2200145Ia 4500003000500000008004100005020001800046040001900064082000700083100002300090245002000113260003400133300000800167546001200175STCL181203s9999 xx 000 0 und d a9780571241705 aSTCLbENcSTCL 222 aKazantzakis, Nikos 0aZorba The Greek bFaber and FaberaLondonc2008 a335 aEnglish